[Event "World Team Championship 2015"]
[Site "Tsaghkadzor ARM"]
[Date "2015.04.19"]
[Round "1.11"]
[White "Dominguez Perez, Leinier"]
[Black "Leko, Peter"]
[Result "1/2-1/2"]
[WhiteElo "2729"]
[BlackElo "2713"]
[PlyCount "61"]
[EventDate "2015.04.18"]
[EventType "team-tourn"]
[EventRounds "9"]
[EventCountry "ARM"]
[Source "lmi"]
[SourceDate "2015.04.18"]

1. e4 e5 2. Nf3 Nc6 3. Bb5 Nf6 4. O-O Nxe4 5. d4 Nd6 6. dxe5 Nxb5 7. a4 Nbd4 8.
Nxd4 Nxd4 9. Qxd4 d5 10. exd6 Qxd6 11. Qe3+ Be7 12. Nc3 c6 13. Re1 Be6 14. Ne4
Qe5 15. Bd2 O-O 16. Bc3 Qf5 17. Rad1 Qg6 18. Rd3 Bd5 19. Qd2 Bh4 20. Qf4 Rae8
21. Qxh4 Rxe4 22. Rxe4 Qxe4 23. Qxe4 Bxe4 24. Rd7 Bxc2 25. a5 f6 26. Rxb7 Rf7
27. Rb8+ Rf8 28. Rxf8+ Kxf8 29. a6 Bd3 30. Bd4 Bxa6 31. Bxa7 1/2-1/2

[Event "World Team Championship 2015"]
[Site "Tsaghkadzor ARM"]
[Date "2015.04.19"]
[Round "1.12"]
[White "Almasi, Zoltan"]
[Black "Bruzon Batista, Lazaro"]
[Result "1/2-1/2"]
[WhiteElo "2698"]
[BlackElo "2691"]
[PlyCount "44"]
[EventDate "2015.04.18"]
[EventType "team-tourn"]
[EventRounds "9"]
[EventCountry "ARM"]
[Source "lmi"]
[SourceDate "2015.04.18"]

1. e4 c5 2. Nf3 d6 3. d4 cxd4 4. Nxd4 Nf6 5. Nc3 a6 6. h3 e5 7. Nb3 Be6 8. f4
Nbd7 9. f5 Bxb3 10. axb3 d5 11. exd5 Bb4 12. Bd2 O-O 13. Be2 Qb6 14. Na4 Qd4
15. Bxb4 Qxb4+ 16. Nc3 Qh4+ 17. Kf1 Rfe8 18. g4 b5 19. Qe1 Qh6 20. Qc1 Qh4 21.
Qe1 Qh6 22. Qc1 Qh4 1/2-1/2

[Event "World Team Championship 2015"]
[Site "Tsaghkadzor ARM"]
[Date "2015.04.19"]
[Round "1.13"]
[White "Quesada Perez, Yuniesky"]
[Black "Rapport, Richard"]
[Result "1-0"]
[WhiteElo "2629"]
[BlackElo "2710"]
[PlyCount "69"]
[EventDate "2015.04.18"]
[EventType "team-tourn"]
[EventRounds "9"]
[EventCountry "ARM"]
[Source "lmi"]
[SourceDate "2015.04.18"]

1. e4 g6 2. d4 Bg7 3. Nc3 a6 4. Be3 d6 5. Qd2 Nd7 6. O-O-O b5 7. h4 h6 8. f4 h5
9. Nf3 Nb6 10. Bd3 d5 11. Ne5 Nf6 12. Kb1 Bb7 13. exd5 Nbxd5 14. f5 gxf5 15.
Bxf5 Nxc3+ 16. Qxc3 e6 17. Bd3 Nd5 18. Qe1 Qd6 19. Bg5 O-O 20. Qe2 Nb4 21. Qxh5
Nxd3 22. Rxd3 Be4 23. Rg3 Bg6 24. Qg4 Bxe5 25. dxe5 Qc6 26. Bf6 Kh7 27. Qe2 Rg8
28. Rg5 Kh6 29. Rh3 b4 30. Rd3 a5 31. Qd2 Kh7 32. Qe2 Kh6 33. Qd2 Kh7 34. Rd7
a4 35. h5 1-0

[Event "World Team Championship 2015"]
[Site "Tsaghkadzor ARM"]
[Date "2015.04.19"]
[Round "1.14"]
[White "Ortiz Suarez, Isan R"]
[Black "Balogh, Csaba"]
[Result "1-0"]
[WhiteElo "2612"]
[BlackElo "2651"]
[PlyCount "87"]
[EventDate "2015.04.18"]
[EventType "team-tourn"]
[EventRounds "9"]
[EventCountry "ARM"]
[Source "lmi"]
[SourceDate "2015.04.18"]

1. e4 c5 2. Nf3 d6 3. Bb5+ Nd7 4. d4 cxd4 5. Qxd4 a6 6. Bxd7+ Bxd7 7. c4 e5 8.
Qd3 h6 9. Nc3 Nf6 10. O-O Be7 11. Rd1 O-O 12. c5 dxc5 13. Bxh6 Qc7 14. Bg5 Be6
15. Bxf6 Bxf6 16. Nd5 Bxd5 17. exd5 Rad8 18. Nd2 Be7 19. Ne4 c4 20. Qh3 Rd7 21.
d6 Rfd8 22. Rd5 Rxd6 23. Nxd6 Rxd6 24. Rxe5 Rh6 25. Rh5 Rxh5 26. Qxh5 g6 27.
Qe2 Bf6 28. Rd1 Kg7 29. g3 Qc6 30. h4 b5 31. Rd2 b4 32. Rc2 c3 33. bxc3 bxc3
34. Qd3 a5 35. Re2 Qc5 36. Qe4 Kg8 37. Kg2 Kg7 38. g4 Kg8 39. g5 Bg7 40. f4 Bd4
41. h5 gxh5 42. g6 Kg7 43. gxf7 Bf6 44. Qe8 1-0

[Event "World Team Championship 2015"]
[Site "Tsaghkadzor ARM"]
[Date "2015.04.19"]
[Round "1.22"]
[White "Lenderman, Aleksandr"]
[Black "Yu, Yangyi"]
[Result "1/2-1/2"]
[WhiteElo "2617"]
[BlackElo "2724"]
[PlyCount "104"]
[EventDate "2015.04.18"]
[EventType "team-tourn"]
[EventRounds "9"]
[EventCountry "ARM"]
[Source "lmi"]
[SourceDate "2015.04.18"]

1. d4 Nf6 2. c4 e6 3. Nc3 Bb4 4. Qc2 d5 5. a3 Bxc3+ 6. Qxc3 Ne4 7. Qc2 c5 8.
dxc5 Nc6 9. cxd5 exd5 10. Nf3 Qa5+ 11. Bd2 Qxc5 12. Qxc5 Nxc5 13. e3 O-O 14.
Bb4 Nxb4 15. axb4 Ne6 16. Rd1 Rd8 17. Be2 Kf8 18. O-O Rd6 19. Ne5 Ke7 20. Bf3
f6 21. Nd3 Ng5 22. Be2 Bf5 23. Rc1 Ne6 24. Nc5 Rb6 25. b5 Nxc5 26. Rxc5 Kd6 27.
b4 a5 28. bxa6 bxa6 29. Rfc1 Rxb4 30. Rc6+ Ke7 31. Rxa6 Rxa6 32. Bxa6 h5 33. h3
Kd6 34. Rd1 g5 35. Be2 h4 36. Bf3 Be6 37. g4 hxg3 38. fxg3 Rb3 39. Kf2 Rb2+ 40.
Kg1 f5 41. g4 fxg4 42. hxg4 Ke5 43. Rd4 Rc2 44. Ra4 Rd2 45. Ra5 Bd7 46. Kf1 Be6
47. Kg1 Bf7 48. Kf1 Bg8 49. Kg1 Bh7 50. Ra8 Bg6 51. Rg8 Kf6 52. Ra8 Ke5 1/2-1/2

[Event "World Team Championship 2015"]
[Site "Tsaghkadzor ARM"]
[Date "2015.04.19"]
[Round "1.23"]
[White "Bu, Xiangzhi"]
[Black "Onischuk, Alexander"]
[Result "1/2-1/2"]
[WhiteElo "2681"]
[BlackElo "2665"]
[PlyCount "98"]
[EventDate "2015.04.18"]
[EventType "team-tourn"]
[EventRounds "9"]
[EventCountry "ARM"]
[Source "lmi"]
[SourceDate "2015.04.18"]

1. c4 e6 2. g3 d5 3. Bg2 Nf6 4. Nf3 Be7 5. O-O O-O 6. d4 dxc4 7. Qc2 a6 8. a4
Bd7 9. Qxc4 Bc6 10. Bf4 Bd6 11. Qc1 Nbd7 12. Nc3 Qe7 13. Rd1 Rfe8 14. a5 Rab8
15. Bd2 e5 16. dxe5 Nxe5 17. Nd4 Bxg2 18. Kxg2 Nc6 19. Nxc6 bxc6 20. Bg5 h6 21.
Bxf6 Qxf6 22. Qc2 Qe6 23. e3 Rb4 24. Ra4 Reb8 25. Rxb4 Rxb4 26. Qe2 Qc4 27.
Qxc4 Rxc4 28. Kf3 Rb4 29. Rd2 Kf8 30. Ne2 Ra4 31. Nd4 c5 32. Nf5 Rxa5 33. Nxd6
cxd6 34. Rxd6 Ke7 35. Rd3 Rb5 36. Rd2 Ke6 37. Ke2 a5 38. Kd3 Rb4 39. Kc3 a4 40.
Rd8 h5 41. Rc8 Kd6 42. Rd8+ Ke6 43. Rc8 Kd6 44. h4 g6 45. Ra8 Kd5 46. Ra7 Rc4+
47. Kd3 Rb4 48. Kc2 Rc4+ 49. Kd3 Rb4 1/2-1/2

[Event "World Team Championship 2015"]
[Site "Tsaghkadzor ARM"]
[Date "2015.04.19"]
[Round "1.24"]
[White "Akobian, Varuzhan"]
[Black "Wei, Yi"]
[Result "1/2-1/2"]
[WhiteElo "2622"]
[BlackElo "2703"]
[PlyCount "60"]
[EventDate "2015.04.18"]
[EventType "team-tourn"]
[EventRounds "9"]
[EventCountry "ARM"]
[Source "lmi"]
[SourceDate "2015.04.18"]

1. d4 Nf6 2. c4 g6 3. Nc3 d5 4. cxd5 Nxd5 5. e4 Nxc3 6. bxc3 Bg7 7. Nf3 c5 8.
Bb5+ Nc6 9. O-O O-O 10. Be3 Bg4 11. dxc5 Bxc3 12. Rc1 Bg7 13. Bxc6 bxc6 14. Qa4
Qd7 15. Rfd1 Qe6 16. Rd3 Bxf3 17. gxf3 Qh3 18. Qd1 Qh4 19. Kg2 Rab8 20. Rb1
Rxb1 21. Qxb1 Be5 22. h3 Bf4 23. Qc1 Qg5+ 24. Kf1 Bxe3 25. Qxe3 Qe5 26. Kg2 Rb8
27. Rd7 Rb1 28. Qh6 Rb8 29. Qe3 Rb1 30. Qh6 Rb8 1/2-1/2

[Event "World Team Championship 2015"]
[Site "Tsaghkadzor ARM"]
[Date "2015.04.19"]
[Round "1.31"]
[White "Ponomarev, Ruslan"]
[Black "Grischuk, Alexander"]
[Result "1/2-1/2"]
[WhiteElo "2713"]
[BlackElo "2794"]
[PlyCount "34"]
[EventDate "2015.04.18"]
[EventType "team-tourn"]
[EventRounds "9"]
[EventCountry "ARM"]
[Source "lmi"]
[SourceDate "2015.04.18"]

1. e4 c5 2. Nf3 d6 3. d4 cxd4 4. Qxd4 Nc6 5. Bb5 a6 6. Bxc6+ bxc6 7. e5 f6 8.
exd6 e5 9. Qa4 Qxd6 10. O-O Ne7 11. Nc3 a5 12. Nd2 Qb4 13. Nde4 Bf5 14. Rd1
Bxe4 15. Qxb4 axb4 16. Nxe4 Nd5 17. c4 bxc3 1/2-1/2

[Event "World Team Championship 2015"]
[Site "Tsaghkadzor ARM"]
[Date "2015.04.19"]
[Round "1.32"]
[White "Karjakin, Sergey"]
[Black "Ivanchuk, Vassily"]
[Result "1/2-1/2"]
[WhiteElo "2757"]
[BlackElo "2731"]
[PlyCount "50"]
[EventDate "2015.04.18"]
[EventType "team-tourn"]
[EventRounds "9"]
[EventCountry "ARM"]
[Source "lmi"]
[SourceDate "2015.04.18"]

1. e4 c5 2. Nf3 d6 3. d4 cxd4 4. Nxd4 Nf6 5. Nc3 a6 6. Bg5 e6 7. f4 Be7 8. Qf3
Qc7 9. O-O-O Nbd7 10. g4 b5 11. Bxf6 Nxf6 12. g5 Nd7 13. f5 Bxg5+ 14. Kb1 Ne5
15. Qh5 Qd8 16. Rg1 Bf6 17. fxe6 O-O 18. Bh3 g6 19. Nd5 Kh8 20. Qe2 fxe6 21.
Bxe6 Nf3 22. Nxf3 Bxe6 23. a3 Rc8 24. Nd4 Bxd4 25. Rxd4 Qh4 1/2-1/2

[Event "World Team Championship 2015"]
[Site "Tsaghkadzor ARM"]
[Date "2015.04.19"]
[Round "1.33"]
[White "Eljanov, Pavel"]
[Black "Tomashevsky, Evgeny"]
[Result "1-0"]
[WhiteElo "2733"]
[BlackElo "2745"]
[PlyCount "105"]
[EventDate "2015.04.18"]
[EventType "team-tourn"]
[EventRounds "9"]
[EventCountry "ARM"]
[Source "lmi"]
[SourceDate "2015.04.18"]

1. d4 d5 2. c4 e6 3. Nf3 c6 4. g3 dxc4 5. Bg2 b5 6. Ne5 Bb7 7. O-O Nf6 8. b3
cxb3 9. axb3 Be7 10. Nc3 O-O 11. Nxb5 Nd5 12. Na3 c5 13. Bb2 Nd7 14. Nac4 cxd4
15. Bxd4 Nxe5 16. Bxe5 Bb4 17. Qc2 Qe7 18. Rfd1 Rfc8 19. Qe4 Bc6 20. Qg4 f6 21.
Bb2 Rd8 22. Rdc1 f5 23. Qh3 Rac8 24. e4 fxe4 25. Bxe4 Nf6 26. Bxf6 gxf6 27.
Bxc6 Rxc6 28. Qg4+ Kh8 29. Rd1 Rxd1+ 30. Rxd1 Rc8 31. Qe4 Bc5 32. Kg2 f5 33.
Qf3 Rd8 34. Re1 Bd4 35. Ne5 Bxe5 36. Rxe5 Qd7 37. Qe3 Re8 38. Ra5 Re7 39. Qc3+
Kg8 40. Rc5 Kf7 41. h4 Qd6 42. b4 e5 43. Qf3 Qd7 44. Qh5+ Kg7 45. Qg5+ Kf7 46.
b5 f4 47. gxf4 Re6 48. f5 Rf6 49. Rxe5 Qb7+ 50. f3 Qd7 51. Qe3 Rd6 52. Kg3 Rd1
53. Qh6 1-0

[Event "World Team Championship 2015"]
[Site "Tsaghkadzor ARM"]
[Date "2015.04.19"]
[Round "1.34"]
[White "Jakovenko, Dmitry"]
[Black "Kryvoruchko, Yuriy"]
[Result "1/2-1/2"]
[WhiteElo "2744"]
[BlackElo "2686"]
[PlyCount "71"]
[EventDate "2015.04.18"]
[EventType "team-tourn"]
[EventRounds "9"]
[EventCountry "ARM"]
[Source "lmi"]
[SourceDate "2015.04.18"]

1. d4 Nf6 2. c4 e6 3. Nf3 b6 4. g3 Bb7 5. Bg2 Be7 6. Nc3 Ne4 7. Bd2 Bf6 8. O-O
O-O 9. Rc1 Nxd2 10. Qxd2 d6 11. d5 Qe7 12. Nd4 Bxd4 13. Qxd4 e5 14. Qd2 f5 15.
f4 e4 16. g4 Bc8 17. Qd4 Re8 18. gxf5 Bxf5 19. Nd1 Bg4 20. Nf2 Bxe2 21. Rfe1 e3
22. Ne4 Bg4 23. Rxe3 Nd7 24. Rce1 Qf8 25. Ng5 Rxe3 26. Rxe3 Re8 27. Ne6 Qf6 28.
Qxf6 Nxf6 29. h3 Bxe6 30. dxe6 a5 31. f5 g6 32. fxg6 hxg6 33. Kf2 Kg7 34. Bc6
Re7 35. Bd5 Ng8 36. a3 1/2-1/2

[Event "World Team Championship 2015"]
[Site "Tsaghkadzor ARM"]
[Date "2015.04.19"]
[Round "1.41"]
[White "Gelfand, Boris"]
[Black "Aronian, Levon"]
[Result "1/2-1/2"]
[WhiteElo "2747"]
[BlackElo "2770"]
[PlyCount "47"]
[EventDate "2015.04.18"]
[EventType "team-tourn"]
[EventRounds "9"]
[EventCountry "ARM"]
[Source "lmi"]
[SourceDate "2015.04.18"]

1. d4 Nf6 2. c4 e6 3. Nf3 d5 4. g3 Be7 5. Bg2 O-O 6. O-O dxc4 7. Ne5 Nc6 8.
Nxc6 bxc6 9. Na3 Bxa3 10. bxa3 a5 11. Qa4 Ba6 12. Bxc6 Rb8 13. Qxa5 Bb7 14.
Bxb7 Rxb7 15. Qc3 Qd5 16. f3 Rd8 17. e4 Qxd4+ 18. Qxd4 Rxd4 19. Be3 Rd6 20.
Rab1 Rxb1 21. Rxb1 h6 22. Kf2 Rd3 23. Rb8+ Kh7 24. Rb7 1/2-1/2

[Event "World Team Championship 2015"]
[Site "Tsaghkadzor ARM"]
[Date "2015.04.19"]
[Round "1.42"]
[White "Sargissian, Gabriel"]
[Black "Sutovsky, Emil"]
[Result "1/2-1/2"]
[WhiteElo "2674"]
[BlackElo "2628"]
[PlyCount "95"]
[EventDate "2015.04.18"]
[EventType "team-tourn"]
[EventRounds "9"]
[EventCountry "ARM"]
[Source "lmi"]
[SourceDate "2015.04.18"]

1. Nf3 c5 2. c4 Nc6 3. Nc3 g6 4. e3 Nf6 5. d4 cxd4 6. exd4 d5 7. cxd5 Nxd5 8.
Qb3 e6 9. Bb5 Bg7 10. O-O O-O 11. Bxc6 bxc6 12. Ne4 Qb6 13. Rd1 Ba6 14. Ne5
Rad8 15. Be3 Nxe3 16. fxe3 c5 17. Nxc5 Bxe5 18. Qxb6 axb6 19. Nxa6 Bd6 20. Rac1
Ra8 21. Rc6 Bxh2+ 22. Kxh2 Rxa6 23. a3 Rfa8 24. Rdc1 b5 25. Rxa6 Rxa6 26. Rc8+
Kg7 27. Rb8 Ra5 28. g4 h5 29. gxh5 gxh5 30. Kg3 Kg6 31. Kf4 f6 32. Rb6 Kf7 33.
Rb7+ Kg6 34. Rb6 Kf7 35. e4 h4 36. d5 exd5 37. exd5 Kg6 38. d6 Kf7 39. Rb7+ Ke6
40. d7 Ke7 41. Kg4 Ra4+ 42. Kh3 b4 43. axb4 Ra2 44. Kxh4 Rxb2 45. b5 Rd2 46. b6
Rxd7 47. Ra7 Ke6 48. Rxd7 1/2-1/2

[Event "World Team Championship 2015"]
[Site "Tsaghkadzor ARM"]
[Date "2015.04.19"]
[Round "1.43"]
[White "Smirin, Ilia"]
[Black "Movsesian, Sergei"]
[Result "1/2-1/2"]
[WhiteElo "2652"]
[BlackElo "2665"]
[PlyCount "92"]
[EventDate "2015.04.18"]
[EventType "team-tourn"]
[EventRounds "9"]
[EventCountry "ARM"]
[Source "lmi"]
[SourceDate "2015.04.18"]

1. e4 c5 2. Nf3 e6 3. d4 cxd4 4. Nxd4 Nc6 5. Nc3 a6 6. Nxc6 bxc6 7. Bd3 d5 8.
O-O Nf6 9. Qe2 Be7 10. Bf4 O-O 11. Rfe1 Bb7 12. Rad1 Re8 13. e5 Nd7 14. Na4 c5
15. c4 d4 16. b3 g6 17. Be4 Qc7 18. Rd3 Rac8 19. Nb2 Bxe4 20. Qxe4 Qc6 21. Qe2
a5 22. Rf3 f5 23. Qd2 Ra8 24. Bg5 Qc7 25. Nd3 a4 26. h4 axb3 27. axb3 Qd8 28.
Rg3 Bxg5 29. Rxg5 Re7 30. h5 Rg7 31. hxg6 hxg6 32. Rg3 Qe7 33. Nf4 Nf8 34. b4
cxb4 35. Qxd4 Rd8 36. Qb6 Rc8 37. Rc1 Qb7 38. Qxb7 Rxb7 39. Nxg6 Nxg6 40. Rxg6+
Kh7 41. Rg3 b3 42. Rcc3 Rcb8 43. Rh3+ Kg8 44. Rcg3+ Kf8 45. Rh8+ Kf7 46. Rh7+
Kf8 1/2-1/2

[Event "World Team Championship 2015"]
[Site "Tsaghkadzor ARM"]
[Date "2015.04.19"]
[Round "1.51"]
[White "Shoker, Samy"]
[Black "Harikrishna, Pentala"]
[Result "0-1"]
[WhiteElo "2482"]
[BlackElo "2731"]
[PlyCount "72"]
[EventDate "2015.04.18"]
[EventType "team-tourn"]
[EventRounds "9"]
[EventCountry "ARM"]
[Source "lmi"]
[SourceDate "2015.04.18"]

1. Nf3 Nf6 2. g3 g6 3. Bg2 Bg7 4. O-O O-O 5. d3 d5 6. Nbd2 a5 7. Rb1 Nc6 8. c3
e5 9. Qa4 Bd7 10. Qc2 Qc8 11. b3 e4 12. dxe4 dxe4 13. Ng5 e3 14. fxe3 Re8 15.
b4 h6 16. Nge4 Ng4 17. Nc4 Be6 18. b5 Ne7 19. Ned2 Nd5 20. Bxd5 Bxd5 21. e4 Qe6
22. Qd3 Bxc4 23. Qxc4 Qb6+ 24. Kh1 Re6 25. Nf3 Nf2+ 26. Kg2 Nxe4 27. Nd4 Nd6
28. Qd3 Re4 29. Be3 Qc5 30. Nf5 Qe5 31. Nxh6+ Bxh6 32. Bxh6 Rxe2+ 33. Kh1 Qh5
34. h4 Rae8 35. Bf4 Qg4 36. Kg1 R8e3 0-1

[Event "World Team Championship 2015"]
[Site "Tsaghkadzor ARM"]
[Date "2015.04.19"]
[Round "1.52"]
[White "Sethuraman, Sethuraman Panayapp"]
[Black "Elsherief, Mohamed"]
[Result "0-1"]
[WhiteElo "2634"]
[BlackElo "2479"]
[PlyCount "78"]
[EventDate "2015.04.18"]
[EventType "team-tourn"]
[EventRounds "9"]
[EventCountry "ARM"]
[Source "lmi"]
[SourceDate "2015.04.18"]

1. e4 c6 2. d4 d5 3. Nd2 dxe4 4. Nxe4 Bf5 5. Ng3 Bg6 6. h4 h6 7. Nf3 Nd7 8. h5
Bh7 9. Bd3 Bxd3 10. Qxd3 e6 11. Bd2 Ngf6 12. O-O-O Be7 13. Kb1 O-O 14. Ne4 Nxe4
15. Qxe4 Nf6 16. Qe2 Qd5 17. Be3 Bd6 18. g4 Nxg4 19. Rdg1 f5 20. Bc1 Rf6 21.
Nh4 Qxd4 22. f3 Ne5 23. b3 Bb4 24. Rd1 Qc5 25. a3 Bc3 26. f4 Ng4 27. Rh3 a5 28.
Ng6 Kh7 29. Rhd3 e5 30. Rd7 b5 31. Re7 e4 32. Rdd7 Rd6 33. Ne5 Rxd7 34. Rxd7
Nxe5 35. fxe5 Bxe5 36. Qd2 Qc3 37. Qxc3 Bxc3 38. Rc7 b4 39. Rxc6 Re8 0-1

[Event "World Team Championship 2015"]
[Site "Tsaghkadzor ARM"]
[Date "2015.04.19"]
[Round "1.53"]
[White "Adly, Ahmed"]
[Black "Vidit, Santosh Gujarathi"]
[Result "0-1"]
[WhiteElo "2595"]
[BlackElo "2630"]
[PlyCount "80"]
[EventDate "2015.04.18"]
[EventType "team-tourn"]
[EventRounds "9"]
[EventCountry "ARM"]
[Source "lmi"]
[SourceDate "2015.04.18"]

1. Nf3 c5 2. g3 g6 3. Bg2 Bg7 4. O-O Nc6 5. e4 e5 6. c3 Nge7 7. a3 O-O 8. b4 d6
9. d3 a6 10. Nbd2 h6 11. Bb2 Be6 12. Re1 b5 13. Qb1 Qb6 14. Nf1 cxb4 15. cxb4
a5 16. Bc3 axb4 17. axb4 d5 18. exd5 Nxd5 19. Rxa8 Rxa8 20. Bxe5 Nxe5 21. Nxe5
Nc3 22. Qc1 Ra2 23. Qe3 Qxe3 24. Rxe3 Ne2+ 25. Kh1 Nd4 26. f4 Rb2 27. Re1 Rxb4
28. Nd2 Rb2 29. Ne4 b4 30. Nc4 Ra2 31. Nc5 Bg4 32. Rb1 Bf3 33. Ne3 b3 34. Bxf3
Nxf3 35. Nf1 b2 36. Nb3 Bc3 37. Kg2 Ne1+ 38. Kf2 Nc2 39. Ke2 Na3 40. Nfd2 Bxd2
0-1

[Event "World Team Championship 2015"]
[Site "Tsaghkadzor ARM"]
[Date "2015.04.19"]
[Round "1.54"]
[White "Deep, Sengupta"]
[Black "Farahat, Ali"]
[Result "1-0"]
[WhiteElo "2576"]
[BlackElo "2389"]
[PlyCount "67"]
[EventDate "2015.04.18"]
[EventType "team-tourn"]
[EventRounds "9"]
[EventCountry "ARM"]
[Source "lmi"]
[SourceDate "2015.04.18"]

1. e4 c5 2. Nf3 Nc6 3. Nc3 e5 4. Bc4 d6 5. d3 Be7 6. O-O Nf6 7. Ng5 O-O 8. f4
Bg4 9. Qe1 exf4 10. Bxf4 Nd4 11. Qd2 h6 12. Nf3 Bxf3 13. gxf3 Qd7 14. Qg2 Kh7
15. Kh1 b5 16. Rg1 g5 17. Bb3 b4 18. Nd1 Rg8 19. Bg3 g4 20. f4 Nf3 21. Ne3 Raf8
22. Rgf1 h5 23. e5 Ne8 24. Bd5 Ng7 25. Bxf3 gxf3 26. Qxf3 Qh3 27. Qe4+ Kh8 28.
Rf3 Qd7 29. f5 Bg5 30. Bf4 d5 31. Nxd5 Nxf5 32. Bxg5 Rxg5 33. Nf6 Qe6 34. Raf1
1-0

[Event "World Team Championship 2015"]
[Site "Tsaghkadzor ARM"]
[Date "2015.04.20"]
[Round "2.12"]
[White "Yu, Yangyi"]
[Black "Erdos, Viktor"]
[Result "1/2-1/2"]
[WhiteElo "2724"]
[BlackElo "2612"]
[PlyCount "57"]
[EventDate "2015.04.18"]
[EventType "team-tourn"]
[EventRounds "9"]
[EventCountry "ARM"]
[Source "lmi"]
[SourceDate "2015.04.18"]

1. e4 e5 2. Nf3 Nc6 3. Bb5 Nf6 4. d3 Bc5 5. Bxc6 dxc6 6. Nbd2 Nd7 7. Nc4 O-O 8.
Be3 Bd6 9. h4 b5 10. Na5 Nf6 11. Nxc6 Qe8 12. Na5 Ng4 13. Qd2 f5 14. exf5 Nxe3
15. fxe3 e4 16. dxe4 Qxe4 17. Ng5 Bg3+ 18. Kd1 Qxf5 19. Kc1 Qf1+ 20. Rxf1 Rxf1+
21. Qd1 Rxd1+ 22. Kxd1 Bg4+ 23. Nf3 Re8 24. Ke2 Bf4 25. a4 Rxe3+ 26. Kf2 a6 27.
Nc6 Re8 28. Nb4 Bc8 29. Nd3 1/2-1/2

[Event "World Team Championship 2015"]
[Site "Tsaghkadzor ARM"]
[Date "2015.04.20"]
[Round "2.13"]
[White "Rapport, Richard"]
[Black "Bu, Xiangzhi"]
[Result "1/2-1/2"]
[WhiteElo "2710"]
[BlackElo "2681"]
[PlyCount "82"]
[EventDate "2015.04.18"]
[EventType "team-tourn"]
[EventRounds "9"]
[EventCountry "ARM"]
[Source "lmi"]
[SourceDate "2015.04.18"]

1. d4 d5 2. Nc3 Nf6 3. Bf4 c5 4. e3 cxd4 5. exd4 a6 6. Nf3 Nc6 7. Ne5 e6 8.
Nxc6 bxc6 9. Na4 Bd6 10. Bxd6 Qxd6 11. Bd3 O-O 12. O-O e5 13. dxe5 Qxe5 14. Qf3
Re8 15. Qg3 Qxg3 16. hxg3 Rb8 17. Rfe1 Kf8 18. b3 a5 19. f3 Rxe1+ 20. Rxe1 Nd7
21. Bf5 Nf6 22. Bxc8 Rxc8 23. Nc5 Rc7 24. Kf2 Nd7 25. Nxd7+ Rxd7 26. Rh1 h6 27.
Rh4 Rb7 28. Ke3 Ke7 29. Rg4 g6 30. Ra4 Rb5 31. g4 Kd6 32. c3 g5 33. Kd4 Rc5 34.
g3 Rb5 35. Kd3 Ke5 36. Ke3 Rc5 37. Kd2 f5 38. f4+ Kf6 39. fxg5+ hxg5 40. Rd4
Rb5 41. Ke3 Ke5 1/2-1/2

[Event "World Team Championship 2015"]
[Site "Tsaghkadzor ARM"]
[Date "2015.04.20"]
[Round "2.14"]
[White "Wei, Yi"]
[Black "Balogh, Csaba"]
[Result "1/2-1/2"]
[WhiteElo "2703"]
[BlackElo "2651"]
[PlyCount "94"]
[EventDate "2015.04.18"]
[EventType "team-tourn"]
[EventRounds "9"]
[EventCountry "ARM"]
[Source "lmi"]
[SourceDate "2015.04.18"]

1. e4 e5 2. Nf3 Nc6 3. Bb5 Nf6 4. d3 Bc5 5. Bxc6 dxc6 6. O-O Nd7 7. Nbd2 O-O 8.
Nc4 Re8 9. Bd2 Bd6 10. Bc3 f6 11. Nh4 Nf8 12. Kh1 Ng6 13. Qh5 Be6 14. Nf5 Qd7
15. Nce3 Bc5 16. g3 Ne7 17. g4 Ng6 18. Ng2 Bd6 19. Rae1 a5 20. Re3 Bb4 21. Rh3
Nf8 22. f4 Bxc3 23. bxc3 Qf7 24. Qh4 Bxf5 25. gxf5 Qxa2 26. Rg1 Qf7 27. fxe5
fxe5 28. Ne3 Kh8 29. Rhg3 Nd7 30. Rxg7 Qxg7 31. Rxg7 Kxg7 32. Qg5+ Kh8 33. f6
Rg8 34. Qf5 a4 35. Qxd7 a3 36. f7 a2 37. Qf5 a1=Q+ 38. Nf1 Raf8 39. fxg8=Q+
Kxg8 40. Qe6+ Rf7 41. Qe8+ Kg7 42. Qxe5+ Rf6 43. Qg5+ Kf7 44. Qh5+ Kf8 45. Qc5+
Kg8 46. Qg5+ Kf7 47. Qh5+ Kf8 1/2-1/2

[Event "World Team Championship 2015"]
[Site "Tsaghkadzor ARM"]
[Date "2015.04.20"]
[Round "2.21"]
[White "Aronian, Levon"]
[Black "Ponomarev, Ruslan"]
[Result "1-0"]
[WhiteElo "2770"]
[BlackElo "2713"]
[PlyCount "97"]
[EventDate "2015.04.18"]
[EventType "team-tourn"]
[EventRounds "9"]
[EventCountry "ARM"]
[Source "lmi"]
[SourceDate "2015.04.18"]

1. c4 e6 2. g3 d5 3. Bg2 Nf6 4. Nf3 d4 5. a3 a5 6. e3 c5 7. exd4 cxd4 8. d3 Nc6
9. Bg5 Be7 10. Nbd2 h6 11. Bxf6 Bxf6 12. O-O O-O 13. c5 Be7 14. Rc1 a4 15. Rc4
Bd7 16. Rxa4 Bxc5 17. Rxa8 Qxa8 18. b4 Be7 19. b5 Na5 20. a4 Qa7 21. Ne5 b6 22.
Nb3 Bb4 23. Nxd4 Qc7 24. Nxd7 Qxd7 25. Nc6 Nxc6 26. bxc6 Qd4 27. Qc2 Bd6 28.
Rc1 Bc7 29. Qb3 Ra8 30. Rc4 Qa1+ 31. Bf1 Rd8 32. Kg2 Qe5 33. Qb4 Qf6 34. d4 g6
35. Be2 h5 36. h4 Kg7 37. Bf3 Kg8 38. Qd2 Kg7 39. Qb2 Kg8 40. Rb4 Qe7 41. Rxb6
Bxb6 42. Qxb6 Ra8 43. a5 Ra7 44. Be2 Rc7 45. Ba6 e5 46. Bb7 e4 47. d5 Qe5 48.
a6 Qxd5 49. Kh2 1-0

[Event "World Team Championship 2015"]
[Site "Tsaghkadzor ARM"]
[Date "2015.04.20"]
[Round "2.22"]
[White "Ivanchuk, Vassily"]
[Black "Sargissian, Gabriel"]
[Result "1/2-1/2"]
[WhiteElo "2731"]
[BlackElo "2674"]
[PlyCount "25"]
[EventDate "2015.04.18"]
[EventType "team-tourn"]
[EventRounds "9"]
[EventCountry "ARM"]
[Source "lmi"]
[SourceDate "2015.04.18"]

1. c4 e6 2. Nc3 d5 3. d4 Be7 4. Bf4 Nf6 5. e3 O-O 6. a3 b6 7. g4 c5 8. dxc5 Bb7
9. Bg2 Nbd7 10. cxd5 bxc5 11. Nge2 Nb6 12. O-O Nfxd5 13. Qc2 1/2-1/2

[Event "World Team Championship 2015"]
[Site "Tsaghkadzor ARM"]
[Date "2015.04.20"]
[Round "2.23"]
[White "Movsesian, Sergei"]
[Black "Eljanov, Pavel"]
[Result "1/2-1/2"]
[WhiteElo "2665"]
[BlackElo "2733"]
[PlyCount "154"]
[EventDate "2015.04.18"]
[EventType "team-tourn"]
[EventRounds "9"]
[EventCountry "ARM"]
[Source "lmi"]
[SourceDate "2015.04.18"]

1. e4 e5 2. Nf3 Nc6 3. Bb5 a6 4. Ba4 Nf6 5. O-O Be7 6. d3 b5 7. Bb3 d6 8. a3
O-O 9. Nc3 Bg4 10. Be3 Nd4 11. Bxd4 exd4 12. Nd5 c5 13. Nf4 Qc7 14. h3 Bc8 15.
Nd5 Nxd5 16. Bxd5 Bb7 17. Bxb7 Qxb7 18. a4 Rfe8 19. Nd2 Qc6 20. Qh5 c4 21. Rfd1
c3 22. bxc3 dxc3 23. axb5 axb5 24. Nb3 Ra4 25. Kf1 g6 26. Qd5 Qxd5 27. exd5 Bf6
28. d4 Kg7 29. g3 h5 30. h4 Kh6 31. Rd3 Rea8 32. Rc1 Rc8 33. Ke2 Rc7 34. Rdd1
g5 35. hxg5+ Kxg5 36. Kd3 Rcc4 37. Ra1 Rab4 38. Ra7 Bxd4 39. Rxf7 Kg6 40. Rf3
Be5 41. Ra1 Rxb3 42. cxb3 Rd4+ 43. Kc2 Rd2+ 44. Kc1 Rb2 45. Ra6 Rxb3 46. Re3
Kf5 47. Re2 Kg4 48. f4 Bd4 49. Rea2 Bc5 50. Kc2 Rb4 51. Ra8 Kxg3 52. f5 Rf4 53.
Rg8+ Kf3 54. Rg5 b4 55. Rxh5 Ke4 56. f6 Rxf6 57. Kb3 Rf1 58. Kc4 Rd1 59. Rh4+
Kf3 60. Rah2 Bf2 61. R4h3+ Ke2 62. Kxb4 c2 63. Rxf2+ Kxf2 64. Rh2+ Ke3 65. Rxc2
Rxd5 66. Rh2 Rf5 67. Rh3+ Rf3 68. Rh5 Kd4 69. Rh4+ Kd3 70. Rh5 Kd4 71. Rh4+ Ke5
72. Rh5+ Rf5 73. Rh1 Rf3 74. Rh5+ Ke4 75. Kc4 d5+ 76. Rxd5 Rc3+ 77. Kxc3 Kxd5
1/2-1/2